000 01009nam a22003377a 4500
001 0029825
003 KOHA_MİRAKIL
005 20260207002710.0
007 ta
008 110429b1999 usa|||gr||||#||||0|eng |
020 _a0139194088
040 _aTR-BiSEU
_btur
_cTR-BiSEU
_erda
041 0 _aeng
044 _cus
050 _aQD31.2
_b.M36 1999
100 1 _aMcMurry, Susan.
245 1 _aFundamentals of general organic, and biological chemistry :
_bstudy guide and partial solutions manual/
_cSusan McMurry ; Susan McMurry.
264 1 _aUpper Saddle River, NJ :
_bPrentice Hall
_c1999
300 _a310 sayfa :
_bres. ;
_c28 cm
336 _ametin
_btxt
_2rdacontent
337 _aaracısız
_bn
_2rdamedia
338 _acilt
_bnc
_2rdacarrier
505 _a
_x
650 0 _aKimya.
_91495
650 0 _aKimya, Organik.
_91514
650 0 _aBiyokimya.
_91518
650 0 _aChemistry.
_92996
650 0 _aChemistry, Organic.
_91515
650 0 _aBiochemistry.
_91926
942 _2lcc
_cBK
999 _c29746
_d29746